Statystyki dla Stolice Europy i Kaukazu

Kliknij tutaj aby rozwiązać quiz!

Ogólne statystyki

  • Ten quiz został rozwiązany 31 razy
  • Średni wynik to 45 z 49

Statystyki odpowiedzi

HintOdpowiedź% Poprawnych
AndoraAndora
100%
AustriaWiedeń
100%
HolandiaAmsterdam
96%
NimecyBerlin
96%
BelgiaBruksela
96%
IrlandiaDublin
96%
DaniaKopenhaga
96%
PortugaliaLizbona
96%
LuksemburgLuksemburg
96%
HiszpaniaMadryt
96%
MonakoMonako
96%
FrancjaParyż
96%
CzechyPraga
96%
IslandiaReykjavik
96%
ŁotwaRyga
96%
AlbaniaTirana
96%
PolskaWarszawa
96%
ChorwacjaZagrzeb
96%
GrecjaAteny
92%
SerbiaBelgrad
92%
SzwajcariaBerno
92%
SłowacjaBratysława
92%
WęgryBudapeszt
92%
RumuniaBukareszt
92%
FinlandiaHelsinki
92%
UkrainaKijów
92%
Wielka BrytaniaLondyn
92%
BiałoruśMińsk
92%
RosjaMoskwa
92%
NorwegiaOslo
92%
WłochyRzym
92%
San MarinioSan Marino
92%
Bośnia i HercegowinaSarajewo
92%
BułgariaSofia
92%
SzwecjaSztokholm
92%
EstoniaTallinn
92%
LiechtensteinVaduz
92%
WatykanWatykan
92%
LitwaWilno
92%
CzarnogóraPodgorica
88%
KosowoPrisztina
88%
MaltaValletta
88%
Macedonia PółnocnaSkopje
85%
AzerbejdżanBaku
81%
MołdawiaKiszyniów
81%
SłoweniaLublana
81%
CyprNikozja
77%
GruzjaTbilisi
77%
ArmeniaErywań
69%

Rozkład punktacji

Percentyl według liczby udzielonych odpowiedzi

Procent ludzi z każdym wynikiem

Twoja historia wyników

Nie rozwiązałeś tego quizu